| 000 | 00386nam a22001697a 4500 | ||
|---|---|---|---|
| 005 | 20180518112221.0 | ||
| 008 | 160613b xxu||||| |||| 00| 0 eng d | ||
| 020 | _a978-0-07061987-6 | ||
| 041 | _aeng | ||
| 082 |
_b7116 _a515 |
||
| 100 |
_aRubin W _91757 |
||
| 245 | _aReal and Complex Analysis | ||
| 260 | _bMc Graw Hill | ||
| 300 | _a416 | ||
| 650 |
_aManagement _9241 |
||
| 942 | _cBK | ||
| 999 |
_c2471 _d2470 |
||